000 00297nam a22001337a 4500
008 190305b xxu||||| |||| 00| 0 eng d
020 _a0471005819
041 _aeng
080 _24th
_a159.9
100 _a49
101 _aPSI
245 _aAbnormal Psychology
_cOltmanns,Th.F
942 _2udc
_cBK
999 _c54452
_d54452